Michael Owen quiz - Statistics

General Stats
  • This quiz has been taken 9 times
  • The average score is 10 of 20
Answer Stats
Hint Answer % Correct
How many goals did he score in the last EPL season 1
89%
In which year did Michael Owen win the Ballon d'Or 2001
89%
How many World Cups did Michael Owen play in 3
89%
Which club did Owen join on a free transfer in 2009 Manchester United
78%
Which club did Michael Owen finish his career with Stoke City
78%
How many goals did Michael Owen score for Real Madrid in La Liga 13
67%
Which Premier League club did he join after leaving Real Madrid Newcastle United
67%
Owen made his Premier League debut in which year 1997
56%
How many career hat-tricks did Michael Owen score in the Premier League 8
56%
Owen scored how many Champions League goals for Liverpool 9
56%
Owen was born in which English city Chester
56%
How many goals did Owen score for England 40
44%
The middle name of Michael Owen James
33%
Who did Michael Owen replace when he made his Liverpool debut Patrik Berger
33%
Owen scored his last England goal against which team Russia
33%
How many Premier League goals did Owen score for Liverpool 118
22%
Which TV broadcaster did Owen join as a pundit after retiring BT Sport
22%
Who was the manager of Real Madrid when Owen signed for the club José Antonio Camacho
11%
Michael Owen made his final Premier League appearance against which club Southampton
11%
Owen scored his only goal for Stoke City against which team Swansea City
11%
No matching quizzes found
Score Distribution
Percent of People with Each Score
Percentile by Number Answered
Your Score History
You have not taken this quiz